Vector analysis with applications (Record no. 5838)

000 -LEADER
fixed length control field 00528nam a22002051 4500
001 - CONTROL NUMBER
control field 5838
003 - CONTROL NUMBER IDENTIFIER
control field BD-DhUET
008 - FIXED-LENGTH DATA ELEMENTS--GENERAL INFORMATION
fixed length control field 861017s1932 enka 000 0 eng c
020 ## - INTERNATIONAL STANDARD BOOK NUMBER
International Standard Book Number 8122405487
040 ## - CATALOGING SOURCE
Original cataloging agency DLC/ICU
Transcribing agency CGU
Modifying agency BD-DhUET
082 0# - DEWEY DECIMAL CLASSIFICATION NUMBER
Classification number 516.83
Item number ALI/1993
100 ## - MAIN ENTRY--PERSONAL NAME
Personal name Ali Ashraf, Md.
245 10 - TITLE STATEMENT
Title Vector analysis with applications
250 ## - EDITION STATEMENT
Edition statement 3rd ed.
260 ## - PUBLICATION, DISTRIBUTION, ETC. (IMPRINT)
Place of publication, distribution, etc. New Delhi
Name of publisher, distributor, etc. Wiley Eastern
Date of publication, distribution, etc. 1993
300 ## - PHYSICAL DESCRIPTION
Extent xv,308p.
Other physical details ill.
Dimensions 23 cm.
504 ## - BIBLIOGRAPHY, ETC. NOTE
Bibliography, etc Includes bibliographies
650 #0 - SUBJECT ADDED ENTRY--TOPICAL TERM
Topical term or geographic name as entry element Vector analysis
942 ## - ADDED ENTRY ELEMENTS (KOHA)
Koha item type General Book
Holdings
Koha out on loan Not for loan Koha date last borrowed Withdrawn status Location (home branch) Source of classification or shelving scheme Koha date last seen Price effective from Koha item type Koha normalized classification for sorting Koha renewals Date acquired Shelving location Koha full call number Piece designation (barcode) Sublocation or collection (holding branch) Lost status Damaged status Koha issues (times borrowed) Copy number
2022-12-27 2022-12-13 Central Library, BUET 2022-12-132014-11-29General Book516_830000000000000_ALI_1993 2014-11-29Circulation section516.83/ALI/199387531Central Library, BUET  38
  2025-04-29 Central Library, BUET 2025-05-132014-12-21General Book516_830000000000000_ALI_199812014-12-21Circulation section516.83/ALI/199887528Central Library, BUET  132
    Central Library, BUET 2016-04-022015-01-27General Book516_830000000000000_ALI_1998 2015-01-27Circulation section516.83/ALI/199887530Central Library, BUET   3
  2022-12-13 Central Library, BUET 2025-11-302015-01-31General Book516_830000000000000_ALI_1998 2015-01-31Circulation section516.83/ALI/199848783Central Library, BUET  64
  2020-01-05 Central Library, BUET 2020-11-032015-02-11General Book516_830000000000000_ALI_1998 2015-02-11Circulation section516.83/ALI/199894102Central Library, BUET  51
  2024-04-02 Central Library, BUET 2025-11-182015-04-11General Book516_830000000000000_ALI_1993 2015-04-11Circulation section516.83/ALI/199387525Central Library, BUET  87
  2023-09-27 Central Library, BUET 2025-11-292015-04-23General Book516_830000000000000_ALI_1993 2015-04-23Circulation section516.83/ALI/199387526Central Library, BUET  66
  2022-03-30 Central Library, BUET 2022-05-252015-05-03General Book516_830000000000000_ALI_1993 2015-05-03Circulation section516.83/ALI/199387529Central Library, BUET  27
    Central Library, BUET 2015-06-072015-06-07Reading Item516_830000000000000_ALI_1993 2015-06-07Reading section516.83/ALI/199387550Central Library, BUET   9
    Central Library, BUET 2015-06-072015-06-07Reading Item516_830000000000000_ALI_1993 2015-06-07Reading section516.83/ALI/199392374Central Library, BUET   10
    Central Library, BUET 2015-06-082015-06-08Reading Item516_830000000000000_ALI_1993 2015-06-08Reading section516.83/ALI/199394100Central Library, BUET   12
    Central Library, BUET 2015-06-142015-06-14Reading Item516_830000000000000_ALI_1993 2015-06-14Reading section516.83/ALI/199387551Central Library, BUET   13
    Central Library, BUET 2017-03-042015-09-02General Book516_830000000000000_ALI_1993 2015-09-02Circulation section516.83/ALI/199387527Central Library, BUET   14